000 00325nam a2200145Ia 4500
005 20250603145303.0
008 250603s9999 xx 000 0 und d
020 _a9788419220370
050 _aND 1158 .A75 .B68/
100 _aBotti, Silvia
245 0 _aLiving Colours
260 _bHoaki
260 _c2023
942 _cBK
999 _c41417
_d41417